El Mundo del número : guía didáctica, ciclo inicial, E.G.B. 1

Gespeichert in:
Bibliographische Detailangaben
Hauptverfasser: Oehl,W. (VerfasserIn), Palzkill,L. (VerfasserIn)
Format: Buch
Sprache:Spanisch
Erschienen: Madrid Interduc/Schroedel 1981
Katalog:MANES:  Suchergebnis im Bibliothekskatalog
Schulbuchspezifische Eigenschaften:
Tags: Tag hinzufügen
Keine Tags, Fügen Sie den ersten Tag hinzu!
Hinzugefügt zu:20.05.2019
Geändert in:07.05.2025

MARC

LEADER 00000nam a2200000Ia 4500
003 aOSt
005 20250507133419.0
008 190521s9999 xx 000 0 spa d
561 |5 es-CICE  |3 FMa/M291  |a España. Centro Internacional de la Cultura Escolar  |k MANES 
999 |c 104713  |d 104713 
020 |a 8438841910 
040 |c Centro_internacional de la cultura escolar  |a centro_manes 
080 |a 372.47 
100 |a Oehl,W.  |9 35477  |e Autor 
245 1 1 |a El Mundo del número : guía didáctica, ciclo inicial, E.G.B. 1  
260 |a Madrid   |b Interduc/Schroedel  |c 1981 
300 |a 200 p.  |c 29.5 x 21 cm 
500 |a Contiene ilustraciones a color y ejercicios para el alumno 
546 |a España 
690 0 |a MATE 
691 0 |a PRI 
700 |9 35478  |a Palzkill,L.  |e Autor 
942 |c BK  |2 ddc 
999 |c manes:104713  |d 104713